Cestovní ruch a územní plánování Cíle Evropské společnosti na úsvitu roku 2 000: strategie pro stabilizovaný a kvalitní cestovní ruch

Európska konferencia ministrov zodpovedných za územné plánovanie (CEMAT) od svojho prvého zasadnutia v r. 1970 orientuje politiku územného plánovania na zlepšenie životného prostredia. Problémy rozvoja cestovného ruchu v mestách a krajine, jeho spojenie s ochranou architektonických a prírodných hodn...

Full description

Saved in:
Bibliographic Details
Main Author: Přikryl, F.
Format: Book Chapter
Language:Czech
Subjects:
Tags: Add Tag
No Tags, Be the first to tag this record!

MARC

LEADER 00000naa a2200000 4500
001 r017531
005 20221213083424.3
041 0 |a cze 
044 |a CZ 
245 1 0 |a Cestovní ruch a územní plánování  |b Cíle Evropské společnosti na úsvitu roku 2 000: strategie pro stabilizovaný a kvalitní cestovní ruch  |c F. Přikryl 
520 |a Európska konferencia ministrov zodpovedných za územné plánovanie (CEMAT) od svojho prvého zasadnutia v r. 1970 orientuje politiku územného plánovania na zlepšenie životného prostredia. Problémy rozvoja cestovného ruchu v mestách a krajine, jeho spojenie s ochranou architektonických a prírodných hodnôt. Cestovný ruch a vidiecke prostredie. Súlad záujmov cestovného ruchu s princípmi územného plánovania. 
610 2 0 |a plánovanie územné 
610 2 0 |a CEMAT 
610 2 0 |a 1970-1992 
610 2 0 |a ruch cestovný 
610 2 0 |a prostredie životné 
610 2 0 |a ochrana prírody 
610 2 0 |a ochrana pamiatok 
610 2 0 |a mestá 
610 2 0 |a vidiek 
100 1 |a Přikryl, F.